Megnyílik a dolgozók általános gimnáziuma

Elmentve itt :
Bibliográfiai részletek
Dokumentumtípus: Cikk
Megjelent: 1952-06-19
Sorozat:Délmagyarország
Kulcsszavak:Oktatási program Szeged 1952
Online Access:http://dmarchiv.bibl.u-szeged.hu/52570
LEADER 00419nab a2200145 i 4500
001 delm52570
005 20180927141937.0
008 180927s1952 hu o 0|| hun d
040 |a SZTE Délmagyarország Archívum  |b hun 
041 |a hun 
245 0 0 |a Megnyílik a dolgozók általános gimnáziuma  |h [elektronikus dokumentum] 
260 |c 1952-06-19 
300 |a 4 
490 0 |a Délmagyarország 
695 |a Oktatási program Szeged 1952